The Law of South Africa : Mandate and Negotiorum Gestio to Mortgage and Pledge / (Record no. 1251)

MARC details
000 -LEADER
fixed length control field 00604nam a22001697a 4500
005 - DATE AND TIME OF INPUT
control field 20240119090219.0
008 - DATA ELEMENTS--GENERAL INFORMATION
fixed length control field 240119b |||||||| |||| 00| 0 eng d
020 ## - INTERNATIONAL STANDARD BOOK NUMBER
International Standard Book Number 0409003301 ; 0409003646
041 ## - LANGUAGE CODE
Language code of text English
082 ## - SHELF NUMBER
DDC number 349 JOU
100 ## - MAIN AUTHOR
Main author's name Joubert, WA and Scott, TJ
Language of a work English
245 ## - TITLE STATEMENT
Title The Law of South Africa : Mandate and Negotiorum Gestio to Mortgage and Pledge /
Statement of responsibility, etc. WA Joubert and TJ Scott
260 ## - PUBLICATION, DISTRIBUTION, ETC.
Place of publication, distribution, etc. Durban :
Name of publisher, distributor, etc. Butterworth Publishers (Pty) Ltd,
Date of publication, distribution, etc. 1983
300 ## - PHYSICAL DESCRIPTION
Other physical details vii, 484 pages ;
Dimensions 26 cm.
650 ## - SUBJECT`
Broad subject Legal practice
Own subject terms Law
942 ## - ADDED ENTRY ELEMENTS (KOHA)
Item type Books
942 ## - ADDED ENTRY ELEMENTS (KOHA)
-- ALISON_BN_VRIES
Holdings
Source of classification or shelving scheme Volume number (bound volume or other part) Not for loan Collection code Home library Current library Shelving location Date acquired Full call number Barcode Price effective from Koha item type
Dewey Decimal Classification Volume 17   TEXT BOOKS LAW SOCIETY OF NAMIBIA LIBRARY - WINDHOEK LAW SOCIETY OF NAMIBIA LIBRARY - WINDHOEK The law of South Africa (laws) 01/19/2024 349 JOU LSN/1987/77 01/19/2024 Books